Statistics for Countries That Begin With MA Sprint

Click here to take the quiz!

General Stats

  • This quiz has been taken 34 times
  • The average score is 8 of 10

Answer Stats

Answer% Correct
Mali
94%
Maldives
90%
Madagascar
87%
Malawi
87%
Malaysia
87%
Macedonia
84%
Mauritania
81%
Mauritius
81%
Malta
77%
Marshall Islands
58%

Score Distribution

Percentile by Number Answered

Percent of People with Each Score

Your Score History

You have not taken this quiz